| 000 | 00688nam a2200217 a 4500 | ||
|---|---|---|---|
| 001 | 000010613 | ||
| 005 | 20240412074220.0 | ||
| 008 | 091008s2001 dr 000 p spa d | ||
| 020 | _a9993445045 | ||
| 040 |
_aDO-SdBNP _bspa _cBNPHU |
||
| 082 |
_aRD861.44 _bP125c |
||
| 100 | 1 |
_aPadua, Alejandro Alonso _925696 |
|
| 245 | 1 | 0 |
_aCantos de amor y tierra / _cAlejandro Alonso Padua. |
| 260 |
_aSanto Domingo : _bSurco, _c2001. |
||
| 300 |
_a147 p. ; _c22 cm. |
||
| 500 | _aIncluye datos biográficos del autor en las solapas | ||
| 590 | _aInventariado, 2018/LP | ||
| 650 | 0 |
_aPoesÃa dominicana _966 |
|
| 650 | 0 |
_aLiteratura dominicana. _967 |
|
| 910 | _aValidado. Control de calidad BNPHU | ||
| 999 |
_c10371 _d10371 |
||